Сильноточные бетатроны для высокоскоростной ренгенографии; Доклады второго Всесоюзного совещания по применению ускорителей заряженных частиц в народном хозяйстве

Bibliografiske detaljer
Parent link:Доклады второго Всесоюзного совещания по применению ускорителей заряженных частиц в народном хозяйстве.— 1976.— С. 382-388
Hovedforfatter: Москалев В. А. Владилен Александрович
Andre forfattere: Скворцов Ю. М., Шестаков В. Г.
Summary:В фонде НТБ ТПУ отсутствует
Sprog:russisk
Udgivet: 1976
Fag:
Format: MixedMaterials Book Chapter
KOHA link:https://koha.lib.tpu.ru/cgi-bin/koha/opac-detail.pl?biblionumber=601723

MARC

LEADER 00000naa0a2200000 4500
001 601723
005 20250220092427.0
035 |a (RuTPU)RU\TPU\tpu\26773 
035 |a RU\TPU\tpu\26772 
090 |a 601723 
100 |a 20150217d1976 k y0rusy50 ca 
101 0 |a rus 
102 |a RU 
200 1 |a Сильноточные бетатроны для высокоскоростной ренгенографии  |f В. А. Москалев, Ю. М. Скворцов, В. Г. Шестаков 
333 |a В фонде НТБ ТПУ отсутствует 
463 |t Доклады второго Всесоюзного совещания по применению ускорителей заряженных частиц в народном хозяйстве  |v С. 382-388  |n [Б. и.]  |d 1976 
610 1 |a труды учёных ТПУ 
700 1 |a Москалев  |b В. А.  |c специалист в области электротехники  |c профессор Томского политехнического университета, доктор технических наук  |f 1927-  |g Владилен Александрович  |3 (RuTPU)RU\TPU\pers\12401 
701 1 |a Скворцов  |b Ю. М. 
701 1 |a Шестаков  |b В. Г. 
801 1 |a RU  |b 63413507  |c 20150217 
801 2 |a RU  |b 63413507  |c 20150217  |g RCR 
942 |c BK